| 000 | 00828nam a22002177a 4500 | ||
|---|---|---|---|
| 005 | 20100818145727.0 | ||
| 010 | _aENG-100733 | ||
| 020 |
_a0195696506 _c995.00 (Set) |
||
| 020 |
_a9780195696509 _c995.00 (Set) |
||
| 035 | _aEN-84266 | ||
| 037 | _bDBAD/PUB | ||
| 082 | _a338.954009051 | ||
| 245 |
_aEleventh five year plan (2007-2012) : _bsocial sector / |
||
| 260 |
_aNew Delhi _bOxford University Press _c2008 |
||
| 270 |
_aYMCA Library Building, Jai Singh Road _bNew Delhi _e110001 |
||
| 300 |
_av.2 (xv, 219p.) _c27cm (pbk) |
||
| 650 |
_aEconomic history _914878 |
||
| 650 |
_aEconomic policy _91373 |
||
| 942 |
_2ddc _cEN _h338.954009051 _mELE |
||
| 999 |
_c42455 _d42455 |
||